| 000 | 01370nam a2200289Ia 4500 | ||
|---|---|---|---|
| 999 |
_c3857 _d3857 |
||
| 003 | OSt | ||
| 005 | 20200620235623.0 | ||
| 008 | 191128s2013 ck fr 000 0 spa d | ||
| 020 | _a9789589805411 | ||
| 040 |
_aCO-JMCR _cCO-JMCR |
||
| 041 | 1 |
_aspa _heng |
|
| 082 | 0 | 4 |
_a332.642861 / _bM294m _223 |
| 245 | 1 | 0 |
_aManual de estándares de práctica : _bAMV, certificación de profesionales del mercado de valores 2013 / _cAutoregulador del Mercado de Valores ; traducción Enrique Uribe jongbloed, Juan Pablo Benítez |
| 250 | _aPrimera edición | ||
| 260 |
_aBogotá : _bAutorregulador del Mercado de Valores de Colombia, _c2013 |
||
| 300 |
_a225 páginas ; _c28 cm. |
||
| 505 | 0 | _aLa importancia de la ética -- Profesionalismo -- Integridad del mercado de valores capitales -- Obligaciones hacia el cliente -- Obligaciones hacia los empleados -- Análisis, recomendaciones y acciones de inversión -- Conflicto de interés | |
| 534 | _pStandars of practice Handbook | ||
| 546 | _aTraducido del inglés | ||
| 650 | 1 | 4 |
_aMercado de capitales _zColombia _95923 |
| 650 | 1 | 4 |
_aNormas _xmercado de capitales _zColombia _95924 |
| 650 | 1 | 4 |
_aManuales _xprofesionales del mercado de capitales _95925 |
| 650 | 2 | 4 |
_aÉtica profesional _92535 |
| 700 | 1 |
_aUribe jongbloed, Enrique, _etraductor _95926 |
|
| 700 | 1 |
_aBenítez, Juan Pablo, _etraductor _95927 |
|
| 942 |
_2ddc _cBK |
||